MARC

LEADER 00000nam0a2200000 4500
001 199365
005 20231031184212.0
010 |a 5120017339 
035 |a (RuTPU)RU\TPU\book\217393 
090 |a 199365 
100 |a 20110803d1990 k y0rusy50 ca 
101 0 |a rus 
102 |a UA 
105 |a a z 001zy 
200 1 |a Тепло- и массообмен в криогенной технике  |e сборник научных трудов  |f Академия наук Украинской ССР (АН УССР), Физико-технический институт (ФТИ) ; под ред. Ю. А. Кириченко 
210 |a Киев  |c Наукова думка  |d 1990 
215 |a 172 с.  |c ил. 
320 |a Библиогр. в конце ст. 
610 1 |a криогенная техника 
610 1 |a массообмен 
610 1 |a кипение 
610 1 |a изоляция 
610 1 |a теплофизические измерения 
675 |a 621.59:53  |v 3 
702 1 |a Кириченко  |b Ю. А.  |4 340 
712 0 2 |a Академия наук Украинской ССР (АН УССР)  |b Физико-технический институт (ФТИ)  |c (Харьков)  |2 stltpush  |3 (RuTPU)RU\TPU\col\15746 
801 1 |a RU  |b 63413507  |c 20110803 
801 2 |a RU  |b 63413507  |c 20110810  |g RCR 
942 |c BK